top 10 największych państw świata - Statystyki

Ogólne statystyki
  • Ten quiz został rozwiązany 137 razy
  • Średni wynik to 9 z 10
Statystyki odpowiedzi
Powierzchnia w mln km2 Nazwa państwa % Poprawnych
17,1 Rosja
98%
9,5 USA
98%
9,6 Chiny
97%
10 Kanada
95%
8,5 Brazylia
92%
7,7 Australia
80%
3,3 Indie
79%
2,7 Kazachstan
77%
2,8 Argentyna
76%
2,3 Algieria
63%
Nie znaleziono quizów pasujących do podanych kryteriów
Rozkład punktacji
Procent ludzi z każdym wynikiem
Percentyl według liczby udzielonych odpowiedzi
Twoja historia wyników
Nie rozwiązałeś tego quizu